000 00353nam a2200133Ia 4500
005 20260328104253.0
008 260328s9999||||xx |||||||||||||| ||und||
100 _aMuseo Soumaya
245 0 _a2300 cucharas y utensilios :
_b 2800 Años /
_cMuseo Soumaya
260 _bAsociaciòn Carso
300 _a235 p.
650 _aDISEÑO INDUSTRIAL
942 _cBK
999 _c10308
_d10308